Most dangerous countries to live in - Statistics

General Stats
  • This quiz has been taken 41 times
  • The average score is 6 of 10
Answer Stats
Global peace index Country % Correct
3.341 Iraq
89%
3.285 Afghanistan
87%
2.859 Pakistan
71%
2.922 Sudan
71%
3.257 Somalia
68%
2.888 DR Congo
58%
3.035 Israel
58%
2.750 Russia
53%
2.880 Chad
47%
2.736 Zimbabwe
21%
No matching quizzes found
Score Distribution
Percent of People with Each Score
Percentile by Number Answered
Your Score History
You have not taken this quiz